| 000 | 00530nam a2200193Ia 4500 | ||
|---|---|---|---|
| 008 | 120822t2006 xxu||||| |||| 00| 0 sin d | ||
| 041 | _asin | ||
| 080 |
_a8-1 (eng) _bBal |
||
| 100 | _aBallantyne,R.M | ||
| 245 | _aකොරල් දූපත | ||
| 246 | _aKoral Dupatha | ||
| 260 |
_aGunasena _aColombo _c2006 |
||
| 300 | _b150p, 18 cm | ||
| 500 | _aSinhalese Translation Of R.M Ballantyne's of The Coral Island | ||
| 700 |
_aPranandu,Edi _etr. |
||
| 942 | _cBK | ||
| 999 |
_c41212 _d41212 |
||
| 003 | LK-CoDNM | ||
| 040 |
_aLK-CoDNM _dLK-CoDNM _eLK-CoDNM |
||